[Event "Caldas Novas op 1st"]
[Site "Caldas Novas"]
[Date "2017.03.12"]
[Round "6"]
[White "Nobrega, Juliana Barbosa"]
[Black "De Sousa, Kalebe Pimentel"]
[Result "0-1"]
[WhiteElo "1741"]
[BlackElo "1665"]
[PlyCount "54"]
[EventDate "2017.03.10"]
[EventType "swiss"]
[EventRounds "6"]
[EventCountry "BRA"]
[SourceTitle "CBM 177 Extra"]
[Source "ChessBase"]
[SourceDate "2017.04.27"]
[SourceVersion "1"]
[SourceVersionDate "2017.04.27"]
[SourceQuality "1"]

1. d4 Nf6 2. Nf3 e6 3. e3 d5 4. Bd3 Bd6 5. 0-0 Nbd7 6. Nc3 e5 7. Qe1 e4 8. Bb5 exf3 9. gxf3 0-0 10. e4 dxe4 11. fxe4 Bb4 12. a3 Bxc3 13. Qxc3 Nxe4 14. Qe3 Ndf6 15. Bd3 Re8 16. f3 Nd6 17. Qf4 Nd5 18. Qg3 Bf5 19. Be2 Rxe2 20. c4 Nxc4 21. Qg5 Qxg5+ 22. Bxg5 Nce3 23. Rfc1 Rg2+ 24. Kh1 Rxg5 25. Rc5 Nf4 26. Rxc7 Nd3 27. b4 Nf2# 0-1

[Event "Caldas Novas op 1st"]
[Site "Caldas Novas"]
[Date "2017.03.11"]
[Round "2"]
[White "Muniz, Julia Cunha"]
[Black "De Sousa, Kalebe Pimentel"]
[Result "0-1"]
[WhiteElo "1187"]
[BlackElo "1665"]
[PlyCount "56"]
[EventDate "2017.03.10"]
[EventType "swiss"]
[EventRounds "6"]
[EventCountry "BRA"]
[SourceTitle "CBM 177 Extra"]
[Source "ChessBase"]
[SourceDate "2017.04.27"]
[SourceVersion "1"]
[SourceVersionDate "2017.04.27"]
[SourceQuality "1"]

1. e4 c5 2. d4 cxd4 3. c3 dxc3 4. Nxc3 e6 5. Bc4 Ne7 6. Nf3 Ng6 7. 0-0 Nc6 8. Be3 Be7 9. Qc2 0-0 10. Rfd1 b6 11. Rd2 Bb7 12. Rad1 Nce5 13. Nxe5 Nxe5 14. Bb3 d6 15. f4 Ng4 16. Bf2 Nxf2 17. Rxf2 Rc8 18. e5 d5 19. Qd3 Bc5 20. Bc2 Bxf2+ 21. Kxf2 g6 22. Ne2 Qh4+ 23. Kg1 Ba6 24. Qxa6 Rxc2 25. Qb5 Rd2 26. Rb1 Rc8 27. Nc3 Qf2+ 28. Kh1 Qxg2# 0-1

[Event "Goiania CXG U2200 op"]
[Site "Goiania"]
[Date "2016.07.02"]
[Round "1"]
[White "De Sousa, Kalebe Pimentel"]
[Black "Da Silva Filho, Jair Humberto"]
[Result "0-1"]
[WhiteElo "1699"]
[BlackElo "1953"]
[PlyCount "46"]
[EventDate "2016.07.02"]
[EventType "swiss"]
[EventRounds "5"]
[EventCountry "BRA"]
[SourceTitle "CBM 173 Extra"]
[Source "ChessBase"]
[SourceDate "2016.08.29"]
[SourceVersion "1"]
[SourceVersionDate "2016.08.29"]
[SourceQuality "1"]

1. e4 c5 2. Nf3 d6 3. d4 cxd4 4. Nxd4 Nf6 5. Nc3 e6 6. Bd3 Nc6 7. Nxc6 bxc6 8. f4 d5 9. 0-0 Bc5+ 10. Kh1 0-0 11. e5 Ne8 12. Qh5 g6 13. Qh6 f5 14. Na4 Be7 15. g4 c5 16. gxf5 exf5 17. b3 Bb7 18. h3 c4 19. Be2 d4+ 20. Kh2 d3 21. Bh5 Qd5 22. Rg1 Qd4 23. Bxg6 Qf2+ 0-1

[Event "Goiania op"]
[Site "Goiania"]
[Date "2016.05.14"]
[Round "4"]
[White "De Paiva Filho, Luiz Americo"]
[Black "De Sousa, Kalebe Pimentel"]
[Result "1-0"]
[WhiteElo "1988"]
[BlackElo "1656"]
[PlyCount "39"]
[EventDate "2016.05.13"]
[EventType "swiss"]
[EventRounds "6"]
[EventCountry "BRA"]
[SourceTitle "CBM 172 Extra"]
[Source "ChessBase"]
[SourceDate "2016.06.21"]
[SourceVersion "1"]
[SourceVersionDate "2016.06.21"]
[SourceQuality "1"]

1. d4 Nf6 2. c4 g6 3. Qc2 Bg7 4. e4 d6 5. Be2 e5 6. d5 0-0 7. Nf3 Na6 8. Nc3 Ne8 9. h4 f5 10. Bg5 Nf6 11. h5 Qe8 12. hxg6 Qxg6 13. exf5 Bxf5 14. Qd2 Ne4 15. Nxe4 Bxe4 16. Rh3 Nc5 17. 0-0-0 Bb1 18. Nh4 Qe4 19. f3 Bxa2 20. fxe4 1-0

[Event "Goiania op"]
[Site "Goiania"]
[Date "2016.05.14"]
[Round "3"]
[White "De Sousa, Kalebe Pimentel"]
[Black "Rosa, Paulo Estevao"]
[Result "1-0"]
[WhiteElo "1656"]
[BlackElo "1836"]
[PlyCount "65"]
[EventDate "2016.05.13"]
[EventType "swiss"]
[EventRounds "6"]
[EventCountry "BRA"]
[SourceTitle "CBM 172 Extra"]
[Source "ChessBase"]
[SourceDate "2016.06.21"]
[SourceVersion "1"]
[SourceVersionDate "2016.06.21"]
[SourceQuality "1"]

1. e4 c6 2. d4 d5 3. e5 Bf5 4. Bd3 Bxd3 5. Qxd3 e6 6. Nf3 Ne7 7. 0-0 Qb6 8. Nc3 Nd7 9. Be3 Nf5 10. Na4 Qc7 11. c4 dxc4 12. Qe4 Be7 13. Rac1 Rc8 14. Bg5 0-0 15. Bxe7 Nxe7 16. Ng5 Ng6 17. Rc3 b5 18. Rh3 h6 19. Nxe6 fxe6 20. Qxg6 bxa4 21. Rxh6 Rf7 22. Qh7+ Kf8 23. Rxe6 Rf4 24. Rg6 Rf7 25. Qh8+ Ke7 26. Qh4+ Kf8 27. e6 Rf6 28. exd7 Qxd7 29. Qh8+ Ke7 30. Qxg7+ Rf7 31. Re1+ Kd8 32. Qe5 Qf5 33. Qd6+ 1-0

[Event "Goiania-ch"]
[Site "Goiania"]
[Date "2016.02.20"]
[Round "4"]
[White "Santos, Wellington"]
[Black "De Sousa, Kalebe Pimentel"]
[Result "1-0"]
[WhiteElo "1483"]
[BlackElo "1696"]
[PlyCount "81"]
[EventDate "2016.02.19"]
[EventType "swiss"]
[EventRounds "6"]
[EventCountry "BRA"]
[SourceTitle "CBM 171 Extra"]
[Source "ChessBase"]
[SourceDate "2016.04.26"]
[SourceVersion "1"]
[SourceVersionDate "2016.04.26"]
[SourceQuality "1"]

1. e4 c5 2. Bc4 d6 3. Nc3 Nf6 4. h3 a6 5. a4 Qa5 6. d3 b5 7. Bb3 c4 8. dxc4 bxc4 9. Bxc4 Nxe4 10. Nge2 Bb7 11. 0-0 g6 12. Bd5 Nxc3 13. Nxc3 Nc6 14. Qf3 Ne5 15. Bxf7+ Nxf7 16. Qxb7 Rd8 17. b4 Qe5 18. Bb2 Rd7 19. Qxa6 Bg7 20. Nd1 Qf5 21. Bxg7 Rg8 22. Bd4 e5 23. Qc8+ Nd8 24. Bb6 Kf7 25. Bxd8 Rgxd8 26. Qc4+ d5 27. Qb3 Kg7 28. Ne3 Qg5 29. Ng4 h5 30. Nh2 e4 31. Qg3 Qf6 32. c3 Rc8 33. Rfc1 Rdc7 34. Qe3 Rxc3 35. Qa7+ Kh6 36. Rxc3 Rxc3 37. Rd1 Qe5 38. Qd4 Qc7 39. h4 Qc8 40. Qxd5 Qf5 41. Qd2+ 1-0

[Event "Goiania Goias Cup"]
[Site "Goiania"]
[Date "2015.09.25"]
[Round "2"]
[White "De Sousa, Kalebe Pimentel"]
[Black "Di Simoni, Rafaela Moura"]
[Result "1-0"]
[WhiteElo "1685"]
[BlackElo "1502"]
[PlyCount "63"]
[EventDate "2015.09.25"]
[EventType "swiss"]
[EventRounds "6"]
[EventCountry "BRA"]
[SourceTitle "EXT 2016"]
[Source "ChessBase"]
[SourceDate "2015.10.08"]
[SourceVersion "1"]
[SourceVersionDate "2015.10.08"]
[SourceQuality "1"]

1. e4 c5 2. Nf3 d6 3. d4 cxd4 4. Nxd4 a6 5. Nc3 e6 6. Bd3 Nf6 7. 0-0 Be7 8. Qe2 Nc6 9. Nxc6 bxc6 10. f4 d5 11. e5 Nd7 12. Be3 Nc5 13. Rad1 Nxd3 14. Qxd3 a5 15. Qd2 Ba6 16. Rfe1 c5 17. Bf2 c4 18. Ne2 Qc7 19. c3 Bc5 20. Bd4 a4 21. Bxc5 Qxc5+ 22. Nd4 Rb8 23. Kh1 0-0 24. f5 Qb6 25. f6 gxf6 26. exf6 Kh8 27. Rb1 Rg8 28. Qf4 Rbc8 29. Nxe6 fxe6 30. f7 Rcf8 31. fxg8Q+ Rxg8 32. Qf6+ 1-0

[Event "Anapolis STD op"]
[Site "Anapolis"]
[Date "2015.08.15"]
[Round "4"]
[White "Mello, Ugo Francisco Schia"]
[Black "De Sousa, Kalebe Pimentel"]
[Result "1/2-1/2"]
[WhiteElo "1411"]
[BlackElo "1754"]
[PlyCount "132"]
[EventDate "2015.08.14"]
[EventType "swiss"]
[EventRounds "6"]
[EventCountry "BRA"]
[SourceTitle "EXT 2016"]
[Source "ChessBase"]
[SourceDate "2015.10.08"]
[SourceVersion "1"]
[SourceVersionDate "2015.10.08"]
[SourceQuality "1"]

1. e4 d6 2. Nf3 Nf6 3. Nc3 g6 4. d4 Bg7 5. Bd3 Bg4 6. h3 Bxf3 7. Qxf3 Nbd7 8. Be3 e5 9. d5 0-0 10. 0-0-0 Re8 11. Qe2 a6 12. f3 Qe7 13. g4 c6 14. h4 cxd5 15. Nxd5 Nxd5 16. exd5 Nf6 17. Be4 Qd7 18. Kb1 Nxe4 19. fxe4 Qa4 20. Qd3 Rac8 21. h5 Bf8 22. hxg6 fxg6 23. Rd2 Re7 24. Rdh2 Qd7 25. Bg5 Rf7 26. Qg3 Qb5 27. Rf2 Rxf2 28. Qxf2 Rc7 29. Qf1 Qxf1+ 30. Rxf1 Rf7 31. Rxf7 Kxf7 32. Kc1 h5 33. gxh5 gxh5 34. Kd1 Be7 35. Be3 Kg6 36. Ke2 Bg5 37. Bf2 Be7 38. Kf3 Kg5 39. c4 h4 40. b3 h3 41. Kg3 h2 42. Be3+ Kh5 43. Kxh2 Kg4 44. Kg2 Bh4 45. a4 Be1 46. c5 dxc5 47. d6 Ba5 48. d7 b5 49. Bxc5 bxa4 50. bxa4 Bd8 51. Be3 Kh5 52. Kf3 Ba5 53. Bc5 Bd8 54. Bd6 Kg6 55. Kg4 Kf6 56. Bb8 Ke6 57. Kh5 Kxd7 58. Bxe5 Ke6 59. Bc3 Kd6 60. Kg4 a5 61. Kf3 Kc5 62. e5 Kc4 63. Bd2 Kb3 64. e6 Kxa4 65. e7 Bxe7 66. Bxa5 Kxa5 1/2-1/2

[Event "Anapolis STD op"]
[Site "Anapolis"]
[Date "2015.08.14"]
[Round "1"]
[White "Brito, Paulo Roberto Ferr"]
[Black "De Sousa, Kalebe Pimentel"]
[Result "1-0"]
[WhiteElo "1624"]
[BlackElo "1754"]
[PlyCount "121"]
[EventDate "2015.08.14"]
[EventType "swiss"]
[EventRounds "6"]
[EventCountry "BRA"]
[SourceTitle "EXT 2016"]
[Source "ChessBase"]
[SourceDate "2015.10.08"]
[SourceVersion "1"]
[SourceVersionDate "2015.10.08"]
[SourceQuality "1"]

1. d4 d5 2. e3 Nf6 3. Bd3 Nc6 4. f4 g6 5. Nf3 Bg7 6. 0-0 0-0 7. Ne5 Nb4 8. Nd2 Qd6 9. a3 Nxd3 10. cxd3 Nd7 11. b4 f6 12. Ng4 e5 13. Bb2 h5 14. fxe5 fxe5 15. dxe5 Nxe5 16. Bxe5 Rxf1+ 17. Nxf1 Bxe5 18. Nxe5 Qxe5 19. d4 Qg5 20. Qc2 c6 21. Re1 Bf5 22. Qf2 Rf8 23. Qg3 Qf6 24. Nd2 Bd3 25. Nf3 Qf5 26. Qc7 Ba6 27. Qe5 Qf7 28. h3 Qf5 29. Qxf5 Rxf5 30. e4 dxe4 31. Rxe4 Bc4 32. Re7 Ba6 33. Kf2 Rf7 34. Rxf7 Kxf7 35. Ne5+ Kf6 36. Nd7+ Kf5 37. Nc5 Kf4 38. g3+ Kf5 39. Nxa6 bxa6 40. Ke3 g5 41. Kd3 g4 42. h4 a5 43. bxa5 Ke6 44. a6 Kd5 45. Ke3 Ke6 46. Ke4 Kd6 47. a4 Ke6 48. a5 Kd6 49. Kf4 Kd5 50. Kg5 Ke4 51. Kxh5 Kf5 52. Kh6 Kf6 53. h5 Kf5 54. Kg7 Ke4 55. h6 Kf3 56. h7 Kxg3 57. h8Q Kf3 58. Qf8+ Kg2 59. Qd6 g3 60. Qxc6+ Kh2 61. Qc2+ 1-0